00553nam a2200181Ia 4500003000900000008004100009020001800050040001600068080001600084245009900100260004200199300001600241650004100257650001900298650001800317650000800335700002800343IN-BaIIA211028s9999 xx 000 0 eng d a90-277-1860-1 cIIA Library a523.92bSTU 0aPhysics of the Sunbvol. Icedited by Peter A Sturrock  aDordrechtbD. Reidel Publishingc1986 aviii, 257p. aAstronomy and Astrophysics Thesaurus aSolar Interior aSolar Physics aSun aSturrock, Peter A., ed.